Accounting information systems (Record no. 4142)

MARC details
000 -LEADER
fixed length control field 01819nam a22002057a 4500
020 ## - INTERNATIONAL STANDARD BOOK NUMBER
ISBN 9780324282870
020 ## - INTERNATIONAL STANDARD BOOK NUMBER
ISBN 0324282877
050 ## - CALL NUMBER
Classification number HF5679
Item number .H26
100 ## - AUTHOR
Personal name James A Hall
245 ## - TITLE
Title Accounting information systems
Statement of responsibility, etc James A Hall
250 ## - EDITION
Edition statement 4th ed .int'l. student ed
260 ## - PUBLICATION INFORMATION
Place of publication Mason, Ohio
Name of publisher Thomson/South-Western
Year of publication 2004
300 ## - DESCRIPTION
Number of Pages xxvi, 910 p.:
Other physical details illus.,
Dimensions 27 cm.
500 ## - NOTES
General note Includes Index
505 ## - FORMATTED CONTENTS NOTE
Table of Content PART 1: OVERVIEW OF ACCOUNTING INFORMATION SYSTEMS<br/>CHAPTER 1: The Information System: An Accountant's Perspective<br/>CHAPTER 2: Introduction to Transaction Processing<br/>CHAPTER 3: Ethics, Fraud and Internal Control<br/><br/>PART 2: TRANSACTION CYCLE AND BUSINESS PROCESS<br/>CHAPTER 4: The Revenue Cycle<br/>CHAPTER 5: The Expenditure Cycle Part I: Purchases and Cash Disbursements Procedures<br/>CHAPTER 6: he Expenditure Cycle Part II: Payroll Processing and Fixed Asset Procedures<br/>CHAPTER 7: The Conversion Cycle<br/>CHAPTER 8: General Ledger, Financial Reporting and Management Reporting Systeme<br/><br/>PART 3: ADVANCED TECHNOLOGIES IN ACCOUNTING INFORMATION<br/>CHAPTER 9: Database Management Systems<br/>CHAPTER 10: The REA Approach to Business Process Modeling<br/>CHAPTER 11: Enterprise Resource Planning Systems<br/>CHAPTER 12: Electronic Commerce Systems<br/><br/>PART 4: SYSTEMS DEVELOPMENT ACTIVITIES<br/>CHAPTER 13: Managing the Systems Development Life Cycle<br/>CHAPTER 14: Construct, Deliver and Maintain Systems Projects<br/><br/>PART 5: COMPUTER CONTROLS AND AUDITING<br/>CHAPTER 15: Controlling, Computer - Based Information Systems, Part !<br/>CHAPTER 16: Controlling, Computer - Based Information Systems, Part II<br/>CHAPTER 17: Information Systems Auditing and Assurance
650 ## - SUBJECTS
Topical Term Accounting
General subdivision Data processing
650 ## - SUBJECTS
Topical Term Information storage and retrieval systems
General subdivision Accounting
700 ## - OTHER AUTHORS
Personal name James A Hall
942 ## - ADDED ENTRY ELEMENTS (KOHA)
Koha item type Books
Holdings
Withdrawn status Lost status Home library Current library Shelving location Date acquired Full call number Accession Number Koha item type
    Methodist University Library Tema Methodist University Library Tema Reference 23/10/2009 HF5679 .H26 30412 Books
Copyright © 2026  MUG Library